Existence and enlightenment in the Lankavatara-Sutra (Record no. 1078940)

MARC details
000 -LEADER
fixed length control field 00840nam a2200265Ia 4500
003 - CONTROL NUMBER IDENTIFIER
control field OSt
005 - DATE AND TIME OF LATEST TRANSACTION
control field 20221006144107.0
008 - FIXED-LENGTH DATA ELEMENTS--GENERAL INFORMATION
fixed length control field 221006b |||||||| |||| 00| 0 eng d
020 ## - INTERNATIONAL STANDARD BOOK NUMBER
International Standard Book Number 8170303114
037 ## - SOURCE OF ACQUISITION
Terms of availability Textual
040 ## - CATALOGING SOURCE
Original cataloging agency EASL
Transcribing agency EASL
Language of cataloging eng
041 ## - LANGUAGE CODE
Source of code eng
Language code of text/sound track or separate title eng
100 ## - MAIN ENTRY--PERSONAL NAME
Personal name SUTTON Florin Giripescu
245 #0 - TITLE STATEMENT
Title Existence and enlightenment in the Lankavatara-Sutra
Remainder of title A study in the ontology and epistemology of the Yogacara school of Mahayana Buddhism
260 ## - PUBLICATION, DISTRIBUTION, ETC.
Place of publication, distribution, etc. Delhi
Name of publisher, distributor, etc. Sri Sat Guru Publications
Date of publication, distribution, etc. 1991
300 ## - PHYSICAL DESCRIPTION
Extent 371p.
Dimensions cm.
490 ## - SERIES STATEMENT
Volume/sequential designation Gen
Series statement Bibliotheca Indo-Buddhica Series No.106
650 ## - SUBJECT ADDED ENTRY--TOPICAL TERM
Topical term or geographic name entry element Gen
942 ## - ADDED ENTRY ELEMENTS (KOHA)
Classification part Q4.N90, N1
Koha item type Textual
Source of classification or shelving scheme Colon Classification (CC)
Holdings
Withdrawn status Lost status Source of classification or shelving scheme Damaged status Not for loan Home library Current library Date acquired Cost, normal purchase price Serial Enumeration / chronology Total Checkouts Full call number Barcode Date last seen Cost, replacement price Price effective from Koha item type
    Colon Classification (CC)     Department of East Asian Studies Library Department of East Asian Studies Library 2022-10-06 280.00 Gen   Q4.N90 N1 EA1012354 2022-10-06 280.00 2022-10-06 Textual
Copyright @ Delhi University Library System